000 00295nam a22001337a 4500
008 190225b xxu||||| |||| 00| 0 eng d
020 _a9780395432204
041 _aeng
080 _210th
_a371
100 _a25
101 _aEDU
245 _aWriting with a Purpose
_cTrimmer
942 _2udc
_cBK
999 _c54249
_d54249